Project, Program, Change

Bibliographic Details
Main Author: Gareis, Roland (Author)
Format: Book
Language:English
Published: Boca Raton, FL : CRC Press/Taylor & Francis Group [2018]
Subjects:

MARC

LEADER 00000cam a2200000 7i4500
001 0000030456
005 20241203.0
008 231002 flua eng
020 |a 9781032095257 (pbk) 
040 |a INS   |b eng   |e rda 
090 0 0 |a HD69.P75   |b .G37 2018 
100 1 |a Gareis, Roland ,   |e author 
245 1 0 |a Project, Program, Change   |c Roland Gareis, Lorenz Gareis 
246 1 |a Project, Program, Change, a textbook and handbook for intrapreneurs in project-oriented organizations 
264 1 |a Boca Raton, FL :   |b CRC Press/Taylor & Francis Group   |c [2018] 
300 |a xxvii, 520 pages :   |b illustrations ;   |c 26 cm. 
336 |a text  |2 rdacontent 
337 |a unmediated  |2 rdamedia 
338 |a volume  |2 rdacarrier 
504 |a Includes bibliographical references and index 
650 0 |a Entrepreneurship 
650 0 |a Project management   |v Handbooks, manuals, etc. 
999 |a 1000004726   |b BOOK   |c Open Shelf   |e Default branch